Az életkezdési válság és annak változása a generációk között
| Szerző: | |
|---|---|
| További közreműködők: | |
| Dokumentumtípus: | Diplomadolgozat |
| Kulcsszavak: | depresszió jövőkép stressz válság Y generáció |
| Online Access: | http://dolgozattar.uni-bge.hu/59467 |
MARC
| LEADER | 00000nta a2200000 i 4500 | ||
|---|---|---|---|
| 001 | dolg59467 | ||
| 005 | 20260409145112.0 | ||
| 008 | 260409suuuu hu om 000 hun d | ||
| 040 | |a BGE Dolgozattár Repozitórium |b hun | ||
| 041 | |a hu | ||
| 100 | 1 | |a Berzéki Lili Gabriella | |
| 245 | 1 | 3 | |a Az életkezdési válság és annak változása a generációk között |c Berzéki Lili Gabriella |h [elektronikus dokumentum] |
| 520 | 3 | |a A kutatásom az életkezdési válság, más néven kapunyitási krízis jelenségét vizsgálja, különös figyelmet fordítva a generációs különbségekre. Az életkezdési válság olyan pszichés és szociális krízis, amely elsősorban a tíz- és huszonéveseket érinti, és a jövőtől való félelem, valamint annak kiszámíthatatlansága köré épül. A kutatás célja a fiatalok életkezdési nehézségeinek a megértése.A kutatás során két adatgyűjtési módszert alkalmaztam: kvantitatív (kérdőíves) és kvalitatív (interjú) technikákat. Az első szakaszban online kérdőívet osztottam meg különböző közösségi média platformokon, míg a második szakaszban egyéni interjúkat készítettem, BGE-s hallgatókkal. A kutatás célja az egyéni tapasztalatok és vélemények feltárása, valamint a generációs különbségek és az életkezdési válságok megértése.A kutatás eredményei rávilágítanak arra, hogy a fiatalok életkezdési válsága nem csupán személyes problémákból ered, hanem szoros összefüggésben áll a társadalmi és gazdasági változásokkal, valamint a generációk közötti eltérő értékekkel és nevelési mintákkal. A kutatás segíthet abban, hogy jobban megértsük a fiatalok kihívásait és támogassuk őket az életkezdés során, illetve közelebb hozzuk egymáshoz a generációkat és ne legyenek generációs szakadékok. | |
| 695 | |a depresszió | ||
| 695 | |a jövőkép | ||
| 695 | |a stressz | ||
| 695 | |a válság | ||
| 695 | |a Y generáció | ||
| 700 | 1 | |a Hübner Andrea Gabriella |e ths | |
| 856 | 4 | 0 | |u http://dolgozattar.uni-bge.hu/59467/1/Berz%C3%A9ki_Lili_Szakdolgozat.pdf |z Dokumentum-elérés |
| 856 | 4 | 0 | |u http://dolgozattar.uni-bge.hu/59467/2/BABiralatBERZEKIL.pdf |z Dokumentum-elérés |
| 856 | 4 | 0 | |u http://dolgozattar.uni-bge.hu/59467/3/Berz%C3%A9ki%20Lili.pdf |z Dokumentum-elérés |